Les Mégariques. Fragments et témoignages
Guardat en:
| Autor principal: | |
|---|---|
| Format: | Llibre |
| Idioma: | anglès |
| Publicat: |
Paris, France:
Librairie Philosophique J. Vrin,
1985.
|
| Col·lecció: | Histoire des doctrines de l'Antiquité classique,
|
| Matèries: | |
| Etiquetes: |
Afegir etiqueta
Sense etiquetes, Sigues el primer a etiquetar aquest registre!
|
MARC
| LEADER | 00000nam a22000007a 4500 | ||
|---|---|---|---|
| 003 | CL-VaPUC | ||
| 005 | 20220822114718.0 | ||
| 008 | 220725t1985 ||||| |||| 00| 0 eng d | ||
| 999 | |c 437510 |d 437508 | ||
| 040 | |c Pontificia Universidad Católica de Valparaíso | ||
| 082 | |2 22 |a 183.6 MUL 1985 | ||
| 100 | |9 873836 |a Müller, Robert |e traduits et commentés | ||
| 245 | |a Les Mégariques. |b Fragments et témoignages | ||
| 260 | |a Paris, France: |b Librairie Philosophique J. Vrin, |c 1985. | ||
| 300 | |a 258 páginas. | ||
| 490 | |a Histoire des doctrines de l'Antiquité classique, |n 9. | ||
| 500 | |a c.1 Donación Familia Prof. Alejandro Guzmán Brito. Ouvrage publié avec le concours du Centre National de la Recherche Scientifique. | ||
| 583 | |c 20220725 |k Yessy Sthefany Diaz Vidal | ||
| 650 | 0 | |9 873840 |a Filosofía megárica | |
| 650 | 0 | |9 265579 |a Filosofía griega |x Megarianos | |
| 942 | |2 ddc |c BK |n 0 | ||
| 952 | |0 0 |1 0 |2 ddc |4 0 |6 183_600000000000000_MUL_1985 |7 0 |8 C_AGB |9 585282 |a BIBDER |b BIBDER |d 2022-07-25 |e Donación |i 5653277 |o 183.6 MUL 1985 |p 5653277 |r 2023-01-25 |t 1 |w 2022-07-25 |y BK_US |k AGB | ||